Blue Images by Category Quiz Stats

 Plays Quiz Updated Oct 12, 2017

Challenge
Share
Tweet
Score 0/30 Timer 05:00
1 Play Today
Category Answer % Correct
FoodsBlueberries
96.5%
Twitter
95.7%
M&Ms
95.5%
Cotton Candy
92.9%
Fictional CharactersThomas the Tank Engine
91.4%
Blue Corn
90.4%
FlagsIsrael
88.2%
Cookie Monster
86.7%
Dory
86.6%
The Polar Express
82.3%
Sweden
82.2%
Stitch
79.8%
Airplane!
75%
Book CoversLife of Pi
71.8%
Smurfette
71.6%
Category Answer % Correct
First Blood
70%
Macarons
69.6%
Hilton
66.5%
Greece
66%
Movie PostersHow to Train Your Dragon
65.2%
General Mills
62.8%
LogosAllstate
53.4%
Blades of Glory
52.8%
Prudential
51.2%
Catch-22
47.8%
The Great Gatsby
47.6%
The Fault in Our Stars
41.4%
Honduras
23.4%
The Phantom Tollbooth
18.8%
Somalia
14.5%

You're not logged in!

Compare scores with friends on all Sporcle quizzes.
OR
Log In

You Might Also Like...

Show Comments

Extras

Top Quizzes Today


Score Distribution

Your Account Isn't Verified!

In order to create a playlist on Sporcle, you need to verify the email address you used during registration. Go to your Sporcle Settings to finish the process.

Report this User

Report this user for behavior that violates our Community Guidelines.

Details: